Die Sonette an Ead (Record no. 9521)

MARC details
000 -CABECERA
campo de control de longitud fija 00601nam a2200217 a 4500
001 - NÚMERO DE CONTROL
campo de control BRL_709
005 - FECHA Y HORA DE LA ÚLTIMA TRANSACCIÓN
campo de control 20190320210849.0
008 - DATOS DE LONGITUD FIJA--INFORMACIÓN GENERAL
campo de control de longitud fija 270913s1912----gw-#######---#000-0#ger-#
041 ## - CÓDIGO DE LENGUA
Código de lengua del texto/banda sonora o título independiente ger
044 ## - CÓDIGO DEL PAÍS DE LA ENTIDAD EDITORA/PRODUCTORA
Código MARC del país gw
050 #4 - SIGNATURA TOPOGRÁFICA DE LA BIBLIOTECA DEL CONGRESO
Número de clasificación PT553
Número de documento/Ítem .W55 1912
100 1# - ENTRADA PRINCIPAL--NOMBRE DE PERSONA
Nombre de persona Wildgans, Anton
Fechas asociadas al nombre 1881-1932
9 (RLIN) 24706
245 10 - MENCIÓN DE TÍTULO
Título Die Sonette an Ead
Mención de responsabilidad, etc. Anton Wildgans.
260 ## - PUBLICACIÓN, DISTRIBUCIÓN, ETC.
Lugar de publicación, distribución, etc. Leipzig
Nombre del editor, distribuidor, etc. L. Staackmann
Fecha de publicación, distribución, etc. [1912]
300 ## - DESCRIPCIÓN FÍSICA
Extensión 36 p.
Dimensiones 21 cm.
Material acompañante/anejo + 1 folleto
500 ## - NOTA GENERAL
Nota general Au787
500 ## - NOTA GENERAL
Nota general Estado físico: Ejemplar con faltante en el lomo.
650 14 - PUNTO DE ACCESO ADICIONAL DE MATERIA--TÉRMINO DE MATERIA
Término de materia o nombre geográfico como elemento de entrada Literatura Alemana
Subdivisión general Poesía
9 (RLIN) 24707
902 ## - CATALOGADOR
Iniciales GRL
942 ## - ELEMENTOS DE PUNTO DE ACCESO ADICIONAL (KOHA)
Fuente del sistema de clasificación o colocación Library of Congress Classification
Tipo de ítem Koha Libros
Holdings
Estado de retiro Estado de pérdida Estado dañado No para préstamo Localización permanente Ubicación/localización actual Fecha de adquisición Número de inventario Total de préstamos Signatura topográfica completa Código de barras Fecha visto por última vez Precio válido a partir de Tipo de ítem Koha
El ejemplar forma parte de la colección y puede ser consultado según las políticas vigentes.       Biblioteca Centro de Estudios Ruth D. Lechuga Biblioteca Centro de Estudios Ruth D. Lechuga 27/09/2013 Au787   PT553 .W55 1912 (Au787) GRL00779 22/03/2019 22/03/2019 Libros